=LDR 00000nam 2200000 4500 =001 INLIS000000000009600 =005 20231002015230 =035 ##$$a 0010-1023000018 =007 ta =008 231002################|##########|#|## =082 ##$$a (R)2023 LKKP-TIA 818 =084 ##$$a (R)2023 LKKP-TIA 818 ZAL p =100 #$$a ZALZABILA Ananda Reski =245 1#$$a Pengendalian Biaya Pada Unit Kerja PT. Semen Tonasa : $b Kuliah Kerja Praktek /$c Zalzabila Ananda Reski (20TIA684) =250 ##$$a 2023 =260 ##$$a Makassar :$b Politeknik ATI Makassar - Teknik Industri Agro,$c 2023 =300 ##$$a ix + 31 halaman : $b Tabel;Gambar ; $c 20,5 x 29 cm.$e Bibliografi;Lampiran =650 #4$$a Laporan Praktek TIA 2023 =856 ##$$a OPAC (LKKP TIA 2023) =990 ##$$a 234/LKKP TIA 2023